China's information revolution : (Record no. 15150)

000 -LEADER
fixed length control field 00658cam a2200205 a 4500
020 ## - INTERNATIONAL STANDARD BOOK NUMBER
ISBN 9780821367209
020 ## - INTERNATIONAL STANDARD BOOK NUMBER
ISBN 082136720X
020 ## - INTERNATIONAL STANDARD BOOK NUMBER
ISBN 0821367218 (electronic)
020 ## - INTERNATIONAL STANDARD BOOK NUMBER
ISBN 9780821367216 (electronic)
040 ## - CATALOGING SOURCE
Transcribing agency DLC
082 00 - DEWEY DECIMAL CLASSIFICATION NUMBER
Classification number 338 WOR 2007 A073 Or.
100 1# - MAIN ENTRY--AUTHOR NAME
Personal name Qiang, Christine Zhen-Wei.
245 10 - TITLE STATEMENT
Title China's information revolution :
Remainder of title managing the economic and social transformation /
260 ## - PUBLICATION, DISTRIBUTION, ETC. (IMPRINT)
Place of publication Washington, D.C. :
Name of publisher World Bank,
Year of publication c2007.
300 ## - PHYSICAL DESCRIPTION
Number of Pages xviii, 137 p. :
Other physical details ill. ;
Dimensions 26 cm.
650 #0 - SUBJECT ADDED ENTRY--TOPICAL TERM
Topical Term Information technology
650 #0 - SUBJECT ADDED ENTRY--TOPICAL TERM
Topical Term Social change
856 41 - ELECTRONIC LOCATION AND ACCESS
Uniform Resource Identifier http://www.loc.gov/catdir/toc/ecip077/2006103069.html
942 ## - ADDED ENTRY ELEMENTS (KOHA)
Koha item type សៀវភៅភាសាអង់គ្លេស
952 ## - LOCATION AND ITEM INFORMATION (KOHA)
Withdrawn status [LOCAL, KOHA] 0
Holdings
Permanent Location Date acquired Koha item type Lost status Shelving location Barcode Current Location Full call number
Library Block A2017-11-11សៀវភៅភាសាអង់គ្លេស A073A05988Library Block A338 WOR 2007 A073 Or.
មជ្ឈមណ្ឌលឯការនៃសាកលវិទ្យាល័យភូមិន្ទកសិកម្មចំការដូង

Powered by Koha